Nanobiosensors in disease diagnosis

Detalles Bibliográficos
Formato: Electrónico Revista
Lenguaje:inglés
Publicado: Auckland, New Zealand : Dove Medical Press
Materias:
Acceso en línea:Full text available from Research Library: 01/01/2012 to 12/31/2012
Full text available from Research Library: 01/01/2014 to 01/31/2016

MARC

LEADER 00000nas a2200000 i 4500
001 ssj0001219307
003 WaSeSS
005 20200512172242.0
006 m d
007 cr n
008 140522u20uuuuuunz ar p|s|||||| |0eng d
022 |a 2230-6153  |l 2230-6153 
035 |a (WaSeSS)ssj0001219307 
040 |a WaSeSS  |b eng  |c WaSeSS  |d WaSeSS 
050 4 |a TP248.13 
210 1 |a Nanobiosens. dis. diagn. 
222 0 |a Nanobiosensors in disease diagnosis 
245 0 0 |a Nanobiosensors in disease diagnosis  |h [electronic resource]. 
260 |a Auckland, New Zealand :  |b Dove Medical Press 
310 |a Annual 
506 |a License restrictions may limit access. 
588 |a Description based on: Volume 1 (January 1, 2012); title from title screen (Academic OneFile, viewed May 21, 2014). 
588 |a Latest issue consulted: Volume 1 (January 1, 2012) (viewed May 21, 2014). 
650 0 |a Biotechnology  |v Periodicals. 
650 0 |a Biosensor industry  |v Periodicals. 
655 0 |a Electronic journals. 
856 4 0 |z Full text available from Research Library: 01/01/2012 to 12/31/2012  |u https://search.proquest.com/publication/3933391 
856 4 0 |z Full text available from Research Library: 01/01/2014 to 01/31/2016  |u https://search.proquest.com/publication/3933391